000 00427nam a2200193Ia 4500
005 20251020182525.0
008 200515s9999 xx 000 0 und d
082 _a691.328V/P32/1967
100 _aPAYA PEINADO
245 0 _aHormigón vibrado
250 _a6a ed.
260 _aBarcelona
260 _c1967
500 _a1 ejemplar
650 _aCONCRETO
650 _aHORMIGON VIBRADO
650 _aLIB
942 _cLIB
999 _c1870
_d1870